[Event "II Miedzynarodowy Memorial Ireny Warakomskiej - Open C"]
[Site "Suwalki"]
[Date "2018-08-04"]
[Round "5.1"]
[White "Wydornik, Robert "]
[Black "Mecelica, Erikas "]
[Result "1/2-1/2"]
[WhiteTitle ""]
[BlackTitle ""]
[WhiteElo "1373"]
[BlackElo "1560"]

1. e4 c5 2. d4 cxd4 3. c3 dxc3 4. Nxc3 e6 5. Bc4 Nc6 6. Nf3 Bb4 7. Bd2 Nge7 8.
Ng5 Ng6 9. O-O Bxc3 10. bxc3 h6 11. Nf3 O-O 12. Qe2 Qe7 13. Nd4 a6 14. f4 b5 15.
Bb3 Bb7 16. Kh1 Kh8 17. g4 Nxd4 18. cxd4 f5 19. gxf5 exf5 20. Kg1 Qxe4 21. Qxe4
Bxe4 22. Bb4 Rfc8 23. Rac1 Rxc1 24. Rxc1 Nxf4 1/2-1/2

[Event "II Miedzynarodowy Memorial Ireny Warakomskiej - Open C"]
[Site "Suwalki"]
[Date "2018-08-04"]
[Round "5.2"]
[White "Seredyn, Dominik "]
[Black "Czarniecki, Pawel"]
[Result "1/2-1/2"]
[WhiteTitle ""]
[BlackTitle ""]
[WhiteElo "1543"]
[BlackElo "1450"]

1. e4 c5 2. Nf3 e6 3. d4 cxd4 4. Nxd4 a6 5. Nc3 Qc7 6. Be2 b5 7. a3 Bb7 8. O-O
Nf6 9. Bf3 d6 10. Bg5 Be7 11. Bxf6 Bxf6 12. Ndxb5 axb5 13. Nxb5 Qd7 14. Nxd6+
Ke7 15. Nxb7 Bxb2 16. Qxd7+ Nxd7 17. Ra2 Be5 18. c4 Rhb8 19. c5 Rxb7 20. c6 Rba7
21. cxd7 Rxa3 22. Rxa3 Rxa3 23. Rd1 Kd8 24. Be2 Rb3 25. Ba6 Bc7 26. g3 Rb2 27.
Bc8 Bb6 28. Rf1 Re2 29. Kg2 Rxe4 30. Kf3 Rb4 31. g4 Bc7 32. h3 Rb3+ 33. Kg2 Rb2
34. Kf3 Bb6 35. Kg3 Bc7+ 36. Kf3 Bb6 37. Kg3 Bc7+ 1/2-1/2

[Event "II Miedzynarodowy Memorial Ireny Warakomskiej - Open C"]
[Site "Suwalki"]
[Date "2018-08-04"]
[Round "5.3"]
[White "Gladyszewski, Adam "]
[Black "Ingielewicz, Konrad"]
[Result "0-1"]
[WhiteTitle ""]
[BlackTitle ""]
[WhiteElo "1220"]
[BlackElo "1539"]

1. d4 Nf6 2. c4 e5 3. d5 Bc5 4. Nf3 d6 5. Bg5 Ne4 6. Be3 Bxe3 7. fxe3 Nd7 8. Nbd2
Ndf6 9. Nxe4 Nxe4 10. Qc2 Bf5 11. Qa4+ Bd7 12. Qc2 f5 13. g3 O-O 14. Bg2 c6 15.
Nd2 cxd5 16. Nxe4 dxe4 17. O-O Qb6 18. Qd2 Be6 19. b3 d5 20. cxd5 Rfd8 21. Rfd1
Rxd5 22. Qb2 Qxe3+ 23. Kf1 Rad8 24. Rxd5 Rxd5 25. Re1 f4 26. Qc2 fxg3 27. hxg3
Rd8 28. Bxe4 Bh3+ 29. Bg2 Rf8+ 0-1

[Event "II Miedzynarodowy Memorial Ireny Warakomskiej - Open C"]
[Site "Suwalki"]
[Date "2018-08-04"]
[Round "5.4"]
[White "Kaminski, Stefan "]
[Black "Oglaza, Dawid"]
[Result "1/2-1/2"]
[WhiteTitle ""]
[BlackTitle ""]
[WhiteElo "1518"]
[BlackElo "1133"]

1. d4 d5 2. c4 c6 3. c5 Bf5 4. Nc3 e6 5. Bf4 Nf6 6. h3 Be7 7. e3 O-O 8. Nf3 Nbd7
9. Be2 b6 10. b4 a5 11. a3 axb4 12. axb4 bxc5 13. dxc5 Rxa1 14. Qxa1 Qc8 15. O-O
Qb7 16. g4 Bg6 17. Nd2 Ne4 18. Bd3 Ra8 19. Qb1 Bf6 20. g5 Be5 21. Kg2 Bh5 22.
Bxe4 dxe4 1/2-1/2

[Event "II Miedzynarodowy Memorial Ireny Warakomskiej - Open C"]
[Site "Suwalki"]
[Date "2018-08-04"]
[Round "5.5"]
[White "Zalega, Maciej "]
[Black "Rog, Mateusz "]
[Result "0-1"]
[WhiteTitle ""]
[BlackTitle ""]
[WhiteElo "1375"]
[BlackElo "1510"]

1. e4 c5 2. Nf3 d6 3. d4 cxd4 4. Nxd4 Nf6 5. Nc3 a6 6. Be2 e5 7. Nb3 Be7 8. Bg5
O-O 9. Qd3 Be6 10. O-O-O Nbd7 11. f3 b5 12. g4 b4 13. Bxf6 Nxf6 14. Nd5 Nxd5 15.
exd5 Bd7 16. Kb1 a5 17. Qe4 f5 18. Qe3 Bg5 19. Qf2 fxg4 20. Qg2 gxf3 21. Bxf3
Be3 22. Rd3 Qg5 23. Qxg5 Bxg5 24. h4 Bf5 25. Rdd1 Bh6 26. Be2 Rac8 27. Bd3 e4
28. Bb5 e3 29. Nd4 Rc5 30. Nxf5 Rxf5 31. Bd7 Rf2 32. Be6+ Kf8 33. Rhf1 Rcxc2 34.
Rc1 Rxb2+ 35. Ka1 Rxa2+ 36. Kb1 Rab2+ 37. Ka1 0-1

[Event "II Miedzynarodowy Memorial Ireny Warakomskiej - Open C"]
[Site "Suwalki"]
[Date "2018-08-04"]
[Round "5.7"]
[White "Czarnomski, Dominik"]
[Black "Matczynski, Mariusz"]
[Result "1-0"]
[WhiteTitle ""]
[BlackTitle ""]
[WhiteElo "1493"]
[BlackElo "1208"]

1. c4 e5 2. g3 Nf6 3. Bg2 Nc6 4. Nc3 Bb4 5. Nd5 Nxd5 6. cxd5 Ne7 7. a3 Bc5 8. e3
a5 9. Ne2 O-O 10. O-O c6 11. dxc6 dxc6 12. d4 exd4 13. exd4 Bb6 14. b3 Bg4 15.
Bb2 Re8 16. Re1 Nf5 17. d5 Bxe2 18. Rxe2 Rxe2 19. Qxe2 cxd5 20. Qe5 Qd7 21. Bh3
Re8 22. Bxf5 Rxe5 23. Bxd7 Re2 24. Rc1 f6 25. Ba1 Rxf2 26. Kh1 Re2 27. Bc8 Be3
28. Rd1 1-0

[Event "II Miedzynarodowy Memorial Ireny Warakomskiej - Open C"]
[Site "Suwalki"]
[Date "2018-08-04"]
[Round "5.9"]
[White "Podlewski, Michal"]
[Black "Kieca, Aleksandra"]
[Result "1/2-1/2"]
[WhiteTitle ""]
[BlackTitle ""]
[WhiteElo "1371"]
[BlackElo "1477"]

1. d4 d5 2. c4 c6 3. Nf3 Nf6 4. Nc3 e6 5. e3 Nbd7 6. Bd3 Be7 7. O-O O-O 8. b3 Re8
9. Bb2 Bd6 10. Rc1 dxc4 11. Bxc4 h6 12. Qe2 e5 13. dxe5 Nxe5 14. Nxe5 Bxe5 15.
Rfd1 Qc7 16. h3 Bf5 17. Bd3 Bxd3 18. Rxd3 Qe7 19. Rcd1 Rad8 20. Qc2 Rxd3 21. Rxd3
Bd6 22. Ne2 Nd5 23. Rd1 Be5 24. Nd4 Bf6 1/2-1/2

[Event "II Miedzynarodowy Memorial Ireny Warakomskiej - Open C"]
[Site "Suwalki"]
[Date "2018-08-04"]
[Round "5.10"]
[White "Kutylo, Konrad "]
[Black "Kruszynski, Jacek"]
[Result "1-0"]
[WhiteTitle ""]
[BlackTitle ""]
[WhiteElo "1470"]
[BlackElo "1145"]

1. d4 d5 2. c4 c6 3. Nc3 Bf5 4. Nf3 h6 5. e3 Nf6 6. Bd3 e6 7. Bxf5 exf5 8. cxd5
Nxd5 9. Qb3 Qc7 10. Nxd5 cxd5 11. Qxd5 Qd7 12. Qxd7+ Nxd7 13. Bd2 Bd6 14. O-O
O-O 15. Rfc1 Rac8 16. Ne1 Rc6 17. Rxc6 bxc6 18. Nd3 Rc8 19. Rc1 Kf8 20. Bb4 Ke7
21. Bxd6+ Kxd6 22. Nc5 g6 23. Nxd7 Kxd7 24. Kf1 Kd6 25. Ke2 Rb8 26. b3 h5 27.
Rc5 Rb5 28. Rc2 Rb7 29. Kd3 Re7 30. Rc5 Re6 31. Ra5 Re7 32. Kc4 Rc7 33. b4 f6
34. Ra6 Ke7 35. Kc5 Kd7 36. h4 g5 37. g3 f4 38. e4 fxg3 39. fxg3 Ke6 40. Rxc6+
Rxc6+ 41. Kxc6 f5 42. d5+ Kf6 43. d6 gxh4 44. gxh4 fxe4 45. d7 1-0

[Event "II Miedzynarodowy Memorial Ireny Warakomskiej - Open C"]
[Site "Suwalki"]
[Date "2018-08-04"]
[Round "5.11"]
[White "Hancharevich, Heorhi "]
[Black "Tomicki, Marek "]
[Result "1/2-1/2"]
[WhiteTitle ""]
[BlackTitle ""]
[WhiteElo "1369"]
[BlackElo "1467"]

1. e4 c5 2. Nc3 d6 3. d3 Nf6 4. g3 Nbd7 5. Bg2 Rb8 6. a4 a6 7. Nf3 e6 8. O-O Be7
9. Qe1 b6 10. e5 dxe5 11. Nxe5 Nxe5 12. Qxe5 Bd6 13. Qe2 O-O 14. Bg5 h6 15. Bxf6
Qxf6 16. Ne4 Qe5 17. c3 Be7 18. f4 Qc7 19. Rad1 Bd7 20. Qc2 b5 21. b3 Bc6 22.
f5 exf5 23. Rxf5 Bd7 24. Rf2 Be6 25. axb5 axb5 26. c4 bxc4 27. dxc4 Qb6 28. Rd3
Rfd8 29. Rxd8+ Rxd8 30. Kh1 Qa5 31. Nc3 Bf6 32. Nd5 Bxd5 33. Bxd5 Qa1+ 34. Kg2
Re8 35. Rf1 Qd4 36. Rf4 Qa1 37. Rf1 1/2-1/2

[Event "II Miedzynarodowy Memorial Ireny Warakomskiej - Open C"]
[Site "Suwalki"]
[Date "2018-08-04"]
[Round "5.12"]
[White "Kaminski, Lukasz "]
[Black "Paluch, Andrzej"]
[Result "1/2-1/2"]
[WhiteTitle ""]
[BlackTitle ""]
[WhiteElo "1455"]
[BlackElo "1404"]

1. e4 c5 2. d4 cxd4 3. Nf3 d6 4. Nxd4 Nf6 5. Nc3 g6 6. Bc4 Bg7 7. O-O O-O 8. Re1
Nc6 9. Nf3 Bg4 10. h3 Bxf3 11. Qxf3 Ne5 12. Qe2 Nxc4 13. Qxc4 Rc8 14. Qd3 Qb6
15. Rb1 e6 16. Be3 Qc6 17. Re2 Rfd8 18. Nb5 Qxe4 19. Qd1 Qa4 20. Nc3 Qa5 21. Rd2
d5 22. Bd4 Rc4 23. Qf3 Ne4 24. Bxg7 Kxg7 25. Rd3 Rdc8 26. Qe3 Nxc3 27. bxc3 Rxc3
28. Rxc3 Qxc3 29. Qxa7 Qxc2 30. Rxb7 Qc1+ 31. Kh2 Qf4+ 32. g3 Qf3 33. Qd4+ Qf6
34. Qd2 d4 35. Rb6 Qf5 36. Qxd4+ e5 37. Qe3 Rc2 38. Kg2 Rxa2 39. Rb5 Rc2 40. Rxe5
Rxf2+ 41. Kg1 Rf1+ 42. Kg2 Rf2+ 43. Kg1 Rf1+ 1/2-1/2

[Event "II Miedzynarodowy Memorial Ireny Warakomskiej - Open C"]
[Site "Suwalki"]
[Date "2018-08-04"]
[Round "5.14"]
[White "Pieczulis, Blazej"]
[Black "Ostrowski, Dymitr"]
[Result "1/2-1/2"]
[WhiteTitle ""]
[BlackTitle ""]
[WhiteElo "1442"]
[BlackElo "1379"]

1. d4 d6 2. Nf3 Nf6 3. c4 g6 4. Nc3 Bg7 5. e4 O-O 6. Bd3 Nbd7 7. O-O e5 8. d5 c6
9. Be3 c5 10. a3 b6 11. Rb1 a6 12. b4 Qc7 13. Qc2 Bb7 14. Rfc1 Rab8 15. Rb2 h6
16. Rcb1 Ba8 17. Bd2 Nh7 18. Qc1 h5 19. Qc2 f6 20. Nh4 Kf7 21. Qc1 Rg8 22. Be2
Nhf8 23. Qc2 Nh7 24. Qc1 1/2-1/2

[Event "II Miedzynarodowy Memorial Ireny Warakomskiej - Open C"]
[Site "Suwalki"]
[Date "2018-08-04"]
[Round "5.15"]
[White "Budzisz, Adrian"]
[Black "Szczotka, Matylda"]
[Result "1-0"]
[WhiteTitle ""]
[BlackTitle ""]
[WhiteElo "1400"]
[BlackElo "1164"]

1. e4 c5 2. Nf3 e6 3. d3 a6 4. g3 Nf6 5. Bg2 Be7 6. O-O d5 7. Nbd2 O-O 8. Re1 Nbd7
9. h4 Qc7 10. Nh2 Re8 11. f4 h6 12. e5 Nh7 13. Qg4 f5 14. Qg6 Qd8 15. Qxe6+ Kh8
16. Qxd5 Rf8 17. Nc4 Qc7 18. Bd2 Qd8 19. Ba5 Qe8 20. Nd6 Bxd6 21. exd6 Qg6 22.
Re6 Nhf6 23. Qf3 Re8 24. Rae1 Qf7 25. Re7 Qg6 26. Qe3 Rf8 27. Bc3 Rb8 28. d4 cxd4
29. Bxd4 Rd8 30. Nf1 Ra8 31. Qc3 Rf8 32. Be5 Rb8 33. Bf3 Nxe5 34. fxe5 Ng8 35.
Rc7 Rf7 36. Rxc8 Rxc8 37. Qxc8 f4 38. Bd5 fxg3 39. Bxf7 Qxf7 40. Nxg3 Qf4 41.
Qc3 Qxh4 42. d7 Qd8 43. e6 Ne7 44. Nh5 Nf5 45. Qc8 Qxc8 46. dxc8=Q+ Kh7 47. e7
Nxe7 48. Rxe7 b5 49. Rxg7# 1-0

[Event "II Miedzynarodowy Memorial Ireny Warakomskiej - Open C"]
[Site "Suwalki"]
[Date "2018-08-04"]
[Round "5.16"]
[White "Zajac, Szymon"]
[Black "Olszewski, Jan "]
[Result "1-0"]
[WhiteTitle ""]
[BlackTitle ""]
[WhiteElo "1346"]
[BlackElo "1394"]

1. d4 Nf6 2. Bf4 d5 3. Nf3 Bf5 4. e3 e6 5. Bd3 Ne4 6. O-O c5 7. Nbd2 Nd7 8. Bxe4
dxe4 9. Ne5 Nxe5 10. dxe5 b5 11. Nb3 Qb6 12. a4 Rd8 13. Qe2 a6 14. axb5 axb5 15.
Rfd1 Be7 16. Rxd8+ Bxd8 17. Qd2 c4 18. Nd4 h5 19. h3 O-O 20. Qb4 g5 21. Bh2 Bc7
22. Qxb5 Qxb5 23. Nxb5 Bb6 24. Nd6 c3 25. bxc3 Bc5 26. Kf1 Bxd6 27. exd6 Rd8 28.
c4 f6 29. c5 e5 30. Ke2 Rc8 31. Ra5 Kf7 32. Kd2 Ke6 33. c4 Kd7 34. Kc3 Rb8 35.
Ra7+ Ke8 36. c6 Rb6 37. Ra8+ Kf7 38. d7 1-0

[Event "II Miedzynarodowy Memorial Ireny Warakomskiej - Open C"]
[Site "Suwalki"]
[Date "2018-08-04"]
[Round "5.19"]
[White "Nowak, Adam"]
[Black "Bednarska, Julita"]
[Result "1-0"]
[WhiteTitle ""]
[BlackTitle ""]
[WhiteElo "1352"]
[BlackElo "1190"]

1. c4 Nf6 2. Nc3 e6 3. e4 d5 4. e5 Nfd7 5. Nf3 dxc4 6. Bxc4 Nc6 7. d4 Be7 8. Ne4
O-O 9. O-O Nb6 10. Bb3 h6 11. a3 Nd5 12. Re1 b6 13. Qd3 Nb8 14. Ba2 Bb7 15. Bb1
g6 16. Bxh6 Re8 17. g3 Na6 18. h4 Kh7 19. Neg5+ Bxg5 20. Nxg5+ Kg8 21. Nxf7 Kxf7
22. Qxg6+ Ke7 23. Qg7# 1-0

[Event "II Miedzynarodowy Memorial Ireny Warakomskiej - Open C"]
[Site "Suwalki"]
[Date "2018-08-04"]
[Round "5.20"]
[White "Burak, Vyacheslav"]
[Black "Trochimczuk, Szymon"]
[Result "1-0"]
[WhiteTitle ""]
[BlackTitle ""]
[WhiteElo "1236"]
[BlackElo "1330"]

1. c4 c5 2. Nc3 Nc6 3. Nf3 Nf6 4. e3 g6 5. d4 cxd4 6. exd4 d6 7. Bf4 Bg7 8. d5
Nb8 9. Be2 O-O 10. O-O Bg4 11. Rc1 Nbd7 12. b4 b6 13. h3 Bxf3 14. Bxf3 a6 15.
Re1 Rc8 16. Qa4 Rxc4 17. Be3 a5 18. a3 axb4 19. axb4 Qa8 20. Qb5 Rfc8 21. Na4
Rxc1 22. Rxc1 Rxc1+ 23. Bxc1 Qb7 24. Be3 h5 25. Qc6 Qa7 26. Nxb6 Nxb6 27. Qxb6
Qa1+ 28. Kh2 Qe5+ 29. g3 Nxd5 30. Bxd5 Qxd5 31. Qd8+ Kh7 32. Qxe7 Bh6 33. Bxh6
Kxh6 34. Qa7 Qc4 35. Qb8 Qd4 36. Qf8+ Kh7 37. Qxf7+ Kh8 38. Qf4 Qb6 39. Qh6+ Kg8
40. Qxg6+ Kh8 41. Qxh5+ Kg8 42. Qg6+ Kh8 43. Qf6+ Kg8 44. Qf4 Kh8 45. h4 Qc6 46.
h5 d5 47. h6 Qd7 48. b5 d4 49. b6 d3 50. Qc7 Qd4 51. Qc8+ Kh7 52. Qf5+ Kxh6 53.
b7 d2 54. b8=Q d1=Q 55. Qbf8+ Qg7 56. Q5f6+ Kh5 57. Qe8+ Kg4 58. Qf4# 1-0

[Event "II Miedzynarodowy Memorial Ireny Warakomskiej - Open C"]
[Site "Suwalki"]
[Date "2018-08-04"]
[Round "5.21"]
[White "Ulanowska, Dorota"]
[Black "Wiech, Andrzej "]
[Result "1-0"]
[WhiteTitle ""]
[BlackTitle ""]
[WhiteElo "1299"]
[BlackElo "1064"]

1. e4 Nf6 2. Nc3 e5 3. Nf3 c6 4. Bc4 d5 5. exd5 cxd5 6. Be2 e4 7. Nd4 Bc5 8. Nb3
Qd6 9. d3 Bg4 10. dxe4 Nxe4 11. Nxe4 Bxf2+ 12. Nxf2 Be6 13. Qd3 O-O 14. Be3 Nc6
15. Bc5 Qe5 16. Bxf8 Qxb2 17. O-O Rxf8 18. c3 Qa3 19. Bg4 Ne5 20. Qd4 Nc6 21.
Qc5 Qa4 22. Bxe6 fxe6 23. Nd4 b6 24. Qb5 Qxb5 25. Nxb5 1-0

[Event "II Miedzynarodowy Memorial Ireny Warakomskiej - Open C"]
[Site "Suwalki"]
[Date "2018-08-04"]
[Round "5.22"]
[White "Murawski, Milosz "]
[Black "Gres, Rafal"]
[Result "1-0"]
[WhiteTitle ""]
[BlackTitle ""]
[WhiteElo "1288"]
[BlackElo "1149"]

1. d4 d5 2. c4 e6 3. Nc3 c5 4. cxd5 exd5 5. Bf4 c4 6. e3 Nf6 7. Nf3 Bb4 8. Bxb8
Rxb8 9. Qa4+ b5 10. Qxb4 a5 11. Qc5 b4 12. Nb5 Ne4 13. Nc7+ Kd7 14. Ne5# 1-0

[Event "II Miedzynarodowy Memorial Ireny Warakomskiej - Open C"]
[Site "Suwalki"]
[Date "2018-08-04"]
[Round "5.23"]
[White "Fronczyk, Wiktor "]
[Black "Bekier, Piotr"]
[Result "1-0"]
[WhiteTitle ""]
[BlackTitle ""]
[WhiteElo "1279"]
[BlackElo "1132"]

1. e4 e6 2. d4 d5 3. Nc3 Bb4 4. Qd3 Nf6 5. e5 Ne4 6. Nge2 c5 7. a3 Bxc3+ 8. Nxc3
Nxc3 9. bxc3 Nc6 10. Qg3 Rg8 11. Bd3 g6 12. O-O cxd4 13. Bg5 Qc7 14. cxd4 Nxd4
15. Qh4 Qxe5 16. Bf6 Nf5 17. Qa4+ Bd7 18. Qxd7+ Kxd7 19. Bxe5 Rac8 20. Rab1 b6
21. Rfc1 Rc5 22. c4 f6 23. Bc3 d4 24. Bxf5 gxf5 25. Bxd4 Rg4 26. Be3 Rcxc4 27.
Rxc4 Rxc4 28. g3 Rc3 29. Bd2 Rd3 30. Rd1 Ke7 31. Kf1 e5 32. Ke2 Rb3 33. Bb4+ 1-0

[Event "II Miedzynarodowy Memorial Ireny Warakomskiej - Open C"]
[Site "Suwalki"]
[Date "2018-08-04"]
[Round "5.24"]
[White "Bednarski, Pawel "]
[Black "Tarawski, Adrian "]
[Result "1-0"]
[WhiteTitle ""]
[BlackTitle ""]
[WhiteElo "1167"]
[BlackElo "1278"]

1. e4 c5 2. Nc3 Nc6 3. Nf3 e6 4. a3 d5 5. exd5 exd5 6. Bb5 Nf6 7. O-O Be7 8. d4
c4 9. b3 cxb3 10. cxb3 a6 11. Bxc6+ bxc6 12. b4 Bg4 13. Qd3 O-O 14. Ne5 Qc7 15.
Bf4 Bd6 16. Ng6 Bd7 17. Nxf8 Rxf8 18. Qxa6 Nh5 19. Be5 f6 20. Bg3 f5 21. f3 Nxg3
22. hxg3 f4 23. Ne2 fxg3 24. Nxg3 1-0

[Event "II Miedzynarodowy Memorial Ireny Warakomskiej - Open C"]
[Site "Suwalki"]
[Date "2018-08-04"]
[Round "5.25"]
[White "Galaszewski, Karol "]
[Black "Olszewski, Antoni"]
[Result "0-1"]
[WhiteTitle ""]
[BlackTitle ""]
[WhiteElo "1152"]
[BlackElo "1253"]

1. e4 c5 2. Nf3 e6 3. d4 cxd4 4. Nxd4 a6 5. Nc3 b5 6. Be3 Bb7 7. f3 Nf6 8. Be2
Be7 9. Qd2 O-O 10. O-O d5 11. exd5 Nxd5 12. Rad1 Bc5 13. Kh1 Nxe3 14. Qxe3 Qe7
15. Qe5 Bd6 16. Qh5 Nd7 17. Rd2 Bf4 18. Rdd1 Nf6 19. Qh4 e5 20. Nf5 Qe6 21. Qh3
b4 22. Rd6 Qe8 23. Nb1 e4 24. Rdd1 exf3 25. Bxf3 Bxf3 26. Rxf3 Qe2 27. Rdf1 Bc7
28. Nh6+ Kh8 29. R3f2 Qe5 30. c3 Rad8 31. Nf5 Ng4 32. Rf3 Nxh2 33. Re3 Qd5 34.
Ree1 Nxf1 35. Rxf1 Qd3 36. Ne3 Bb6 37. Re1 Bxe3 38. cxb4 Bf2 39. Rc1 Qxh3+ 40.
gxh3 f5 41. Rf1 Be3 42. Nc3 f4 43. Ne4 f3 44. Re1 f2 45. Rf1 Rf4 46. Ng5 Rd2 47.
Ne6 Re4 48. Rc1 h6 49. Rc8+ Kh7 50. Nf8+ Kg8 51. Ne6+ Kf7 52. Nd8+ Rxd8 53. Rxd8
f1=Q+ 54. Kh2 Qg1# 0-1

[Event "II Miedzynarodowy Memorial Ireny Warakomskiej - Open C"]
[Site "Suwalki"]
[Date "2018-08-04"]
[Round "5.26"]
[White "Zajac, Robert"]
[Black "Gladyszewska, Kinga"]
[Result "1/2-1/2"]
[WhiteTitle ""]
[BlackTitle ""]
[WhiteElo "1248"]
[BlackElo "1080"]

1. d4 d5 2. Bf4 Nf6 3. Nf3 Nc6 4. Nc3 Bf5 5. Nb5 Rc8 6. a3 a6 7. Nc3 h6 8. e3 e6
9. Bd3 Bxd3 10. Qxd3 Bd6 11. Ne5 Nb8 12. h3 Nbd7 13. Qe2 Be7 14. Qf3 Nxe5 15.
dxe5 Nd7 16. Qg3 g5 17. O-O-O Nb6 18. e4 gxf4 19. Qf3 c6 20. Kb1 Bg5 21. h4 Bxh4
22. Qxf4 Bg5 23. Qg4 Qc7 24. f4 Bd8 25. Qg7 Rf8 26. Rxh6 Qe7 27. g4 Kd7 28. exd5
Nxd5 29. Ne4 Kc7 30. Nd6 Ra8 31. f5 exf5 32. gxf5 f6 33. Qg6 Qxe5 34. Nc4 Qe2
35. Qg3+ Kc8 36. Nd6+ Kd7 37. Re1 Rg8 38. Rh7+ Ne7 39. Rxe2 Rxg3 40. Nxb7 Rg1+
41. Ka2 Ra7 42. Nc5+ Kd6 43. Ne4+ Kd7 44. c4 1/2-1/2

[Event "II Miedzynarodowy Memorial Ireny Warakomskiej - Open C"]
[Site "Suwalki"]
[Date "2018-08-04"]
[Round "5.27"]
[White "Palacz, Karolina "]
[Black "Rzecki, Andrzej"]
[Result "0-1"]
[WhiteTitle ""]
[BlackTitle ""]
[WhiteElo "1055"]
[BlackElo "1217"]

1. e4 e5 2. Nf3 Nc6 3. Bc4 Nf6 4. Nc3 h6 5. a3 d5 6. exd5 Na5 7. Ba2 Bd6 8. d3
b6 9. b4 Nb7 10. h3 Bd7 11. O-O Qc8 12. Nh2 O-O 13. Ne4 Nxe4 14. dxe4 Kh7 15.
f4 f5 16. Qd3 fxe4 17. Qxe4+ Bf5 18. Qe2 e4 19. c4 Qd7 20. Ng4 Rae8 21. Be3 h5
22. Nh2 Qf7 23. g4 Bd7 24. Rac1 a6 25. c5 Bb5 26. Bc4 Bxc4 27. Qxc4 b5 28. Qe2
Be7 29. d6 cxd6 30. c6 Bd8 31. cxb7 Qxb7 32. Rfd1 Bb6 33. Nf1 Rxf4 34. Bxb6 Qxb6+
35. Qe3 Rxf1+ 36. Rxf1 Qxe3+ 37. Kg2 hxg4 38. hxg4 Re6 39. Rce1 Qxa3 40. Rh1+
Kg6 41. Rh3 0-1

[Event "II Miedzynarodowy Memorial Ireny Warakomskiej - Open C"]
[Site "Suwalki"]
[Date "2018-08-04"]
[Round "5.28"]
[White "Karut, Kacper"]
[Black "Wysocka, Edyta "]
[Result "1/2-1/2"]
[WhiteTitle ""]
[BlackTitle ""]
[WhiteElo "1208"]
[BlackElo "1214"]

1. e4 e5 2. Nf3 Nc6 3. Bb5 a6 4. Bxc6 dxc6 5. O-O Bd6 6. d4 exd4 7. Qxd4 f6 8.
Nc3 Bg4 9. Qe3 Qd7 10. Nd2 O-O-O 11. Qa7 Qe8 12. Qa8+ Kd7 13. Qxb7 Qe5 14. g3
Bh3 15. Re1 Qc5 16. Qa7 Qb6 17. Qxb6 cxb6 18. Nc4 Kc7 19. Nxd6 Kxd6 20. Rd1+ Kc7
21. Rxd8 Kxd8 22. Be3 Kc7 23. Rd1 Ne7 24. a3 g5 25. Na4 c5 26. Nc3 Kc6 27. Nd5
Nxd5 28. exd5+ Kd6 29. f3 Bf5 30. c3 Re8 31. Kf2 Bc2 32. Rd2 Bb3 33. f4 h6 34.
Rd3 Bc4 35. Rd2 Bb3 36. h4 gxh4 37. gxh4 f5 38. Rd3 Rg8 39. Bc1 Rg5 40. Rh3 Bxd5
41. Rh2 c4 42. Be3 1/2-1/2

[Event "II Miedzynarodowy Memorial Ireny Warakomskiej - Open C"]
[Site "Suwalki"]
[Date "2018-08-04"]
[Round "5.30"]
[White "Zalega, Joanna "]
[Black "Czarniecka, Anna "]
[Result "1-0"]
[WhiteTitle ""]
[BlackTitle ""]
[WhiteElo "1105"]
[BlackElo "1090"]

1. e4 c5 2. Nf3 e6 3. d4 cxd4 4. Nxd4 a6 5. c4 Qc7 6. Nc3 Nf6 7. f3 Be7 8. Be3
d6 9. Be2 Nbd7 10. O-O O-O 11. b3 b6 12. Qd2 Bb7 13. Rac1 Rac8 14. Rfd1 h6 15.
Qe1 Rfe8 16. Qg3 Nh5 17. Qf2 Ndf6 18. Na4 Qd8 19. Nc2 Nd7 20. Nxb6 Nxb6 21. Bxb6
Qd7 22. Ba5 Nf4 23. Bf1 1-0